Тиристорный ультразвуковой генератор с трансформаторным выходом; Приборы и техника эксперимента; № 3

Bibliographic Details
Parent link:Приборы и техника эксперимента/ Российская академия наук.— , 1956-.— 0032-8162
№ 3.— 2004.— с. 164
Main Author: Низамов Т. И.
Language:Russian
Published: 2004
Series:Приборы, изготовленные в лабораториях
Subjects:
Format: Book Chapter
KOHA link:https://koha.lib.tpu.ru/cgi-bin/koha/opac-detail.pl?biblionumber=427349

MARC

LEADER 00000naa2a2200000 4500
001 427349
005 20231101074634.0
035 |a (RuTPU)RU\TPU\prd\86503 
035 |a RU\TPU\prd\28785 
090 |a 427349 
100 |a 20100907a2004 k y0rusy50 ca 
101 0 |a rus 
102 |a RU 
200 1 |a Тиристорный ультразвуковой генератор с трансформаторным выходом  |f Т. И. Низамов 
225 1 |a Приборы, изготовленные в лабораториях 
320 |a Библиогр.: 1 назв. 
461 1 |0 (RuTPU)RU\TPU\prd\300  |x 0032-8162  |t Приборы и техника эксперимента  |f Российская академия наук  |d 1956- 
463 1 |0 (RuTPU)RU\TPU\prd\86478  |t № 3  |v с. 164  |d 2004 
610 1 |a генераторы 
610 1 |a тиристорные генераторы 
610 1 |a ультрозвуковые генераторы 
610 1 |a гидроакустические системы 
610 1 |a ультразвуковые установки 
675 |a 621.314.14  |v 3 
700 1 |a Низамов  |b Т. И. 
801 1 |a RU  |b 63413507  |c 20041011  |g PSBO 
801 2 |a RU  |b 63413507  |c 20100908  |g RCR 
942 |c BK